Artistes britanniques les plus écoutés sur Spotify - Statistiques

Statistiques générales
  • Ce quiz a été pris 89 fois
    53 depuis la dernière actualisation
  • Le résultat moyen est 5 sur 20
Statistiques - réponses
Nb d'auditeurs/mois Artiste N° dans
le monde
% Correct
67 370 000 Dua Lipa 11
63%
53 690 000 Adele 34
61%
75 160 000 Ed Sheeran 6
61%
55 950 000 Harry Styles 31
46%
47 100 000 Queen 49
46%
37 790 000 One Direction 70
43%
46 940 000 Elton John 50
33%
33 650 000 RAYE 98
22%
66 140 000 Coldplay 12
20%
56 810 000 Sam Smith 29
17%
33 440 000 Central Cee 100
15%
47 880 000 Arctic Monkeys 46
11%
59 710 000 Calvin Harris 20
7%
32 460 000 Lewis Capaldi 107
7%
37 690 000 Ellie Goulding 71
4%
37 870 000 James Arthur 69
4%
34 070 000 Anne-Marie 95
2%
58 400 000 21 Savage 22
0%
33 760 000 Fleetwood Mac 97
0%
32 370 000 Kenya Grace 108
0%
Aucun quiz correspondant
Distribution des résultats
% des personnes avec chaque résultat
Percentile par nombre de réponses
Votre historique - résultats
Vous n’avez pas pris ce quiz depuis la dernière actualisation